Loading...
| Philosophy | 1 | 4 | 1 | 0 | 50 | 60 | 84.40 | 4 | 5 |
| History - American History | 2 | 0 | 0 | 0 | 30 | 38 | 52.50 | 1 | 2 |
| Fine Arts - Classical Music | 0 | 2 | 0 | 1 | 20 | 80 | 111.50 | 1 | 2 |
| Other Academic | 1 | 0 | 0 | 0 | 15 | 69 | 69.00 | 1 | 1 |
| Literature - Long Fiction | 0 | 2 | 1 | 0 | 15 | 111 | 116.00 | 1 | 2 |
| History - World History | 1 | 0 | 0 | 0 | 15 | 43 | 43.00 | 1 | 1 |
| Fine Arts - Other Fine Arts | 0 | 2 | 1 | 0 | 15 | 123 | 129.50 | 1 | 2 |
| Social Science | 0 | 1 | 0 | 0 | 10 | 120 | 120.00 | 0 | 1 |
| Geography | 0 | 1 | 0 | 0 | 10 | 146 | 146.00 | 1 | 1 |
| Literature - Drama | 0 | 1 | 0 | 0 | 10 | 120 | 120.00 | 0 | 1 |
| Literature - Poetry | 0 | 1 | 0 | 0 | 10 | 124 | 124.00 | 1 | 1 |
| Religion | 0 | 1 | 0 | 1 | 10 | 143 | 143.00 | 0 | 1 |
| Current Events | 0 | 1 | 0 | 0 | 10 | 88 | 88.00 | 0 | 1 |